MDQL
is popping MORE tags! Check the
thread
!
Quizzes
Events
Quiz Creation
Community
Videos
Private Events
Remove Ads
Sign In
Join for FREE
Feedback
Dark Mode
Quiz Categories
Sports
Geography
Music
Movies
Television
Just For Fun
Miscellaneous
History
Literature
Language
Science
Gaming
Entertainment
Religion
Holiday
For Kids
Quiz Lab
Recent
Popular Today
Quiz Kudos Today
Editor Picks
Curator Picks
Quizzes by...
Day
Popularity
Type
Ratings
Length
Year
Community
Subscriptions
Recent Discussions
Orange Saloon
Badges
Playlists
Quests
Create
Leaderboards
Showdown
Live 5
Trivia Bingo
Activity
Puzzle Library
Sporcle Events
Private Events
Virtual Trivia
Globe League
Become a Host
Pub Owners
SporcleCon
Opinionation
Our Games
Videos
Blog
Mobile Apps
Partnerships
Remove Ads and Go Orange
Feedback
Sports
Athletes
MLB
NBA
NHL
NFL
Soccer
Sports Teams
WWE
NCAA
Football
Premier League
Basketball
Baseball
Hockey
Golf
Tennis
Cricket
Rugby
Auto Racing
Olympics
World Cup
Sports
Athletes
MLB
NBA
NHL
NFL
Soccer
Sports Teams
WWE
NCAA
Football
Premier League
Basketball
Baseball
Hockey
Golf
Tennis
Cricket
Rugby
Auto Racing
Olympics
World Cup
Random Quiz
Search Sporcle
×
Quiz Lab
Quiz Lab
Sports
Football
Type in answers that appear in a list
Type in answers that appear in a list
Classic
Best Score? Go Orange.
Boston Redsox roster Stats
Can you name the players on the current Boston Redsox roster?
By
eloy69
8m
36 Questions
378 Plays
378 Plays
378 Plays
Comments
Comments
Give Quiz Kudos
Give Quiz Kudos
-
- Ratings
hide this ad
Replay
Link that replays current quiz
Next Quiz
Link to next quiz in quiz playlist
You Got
0%
They Got
Avg Score
20%
Avg Friend Score
Upgrade to see
Score Distribution
Jump to the score distribution portion of the page
Score
0/36
Timer
08:00
1
Play Today
position
player
% Correct
DH
David Ortiz
74.1%
SP
Jon Lester
60.1%
SP
Josh Beckett
56.6%
C
Jason Varitek
50.3%
SP
John Lackey
42.9%
CP
Jonathan Papelbon
35.7%
C
Victor Martinez
35.2%
SP
Tim Wakefield
34.1%
OF
J.D. Drew
30.7%
SP
Daisuke Matsuzaka
29.1%
1B
Mike Lowell
25.7%
RP
Daniel Bard
23.8%
3B
Adrian Beltre
22.2%
C
Jarrod Saltalamacchia
19.3%
SS
Marco Scutaro
19.3%
RP
Hideki Okajima
17.2%
2B
Jed Lowrie
14.8%
SP
Clay Bucholtz
14%
position
player
% Correct
OF
Daniel Nava
13.5%
C
Kevin Cash
12.4%
OF
Bill Hall
11.1%
OF
Darnell Mcdonald
10.8%
OF
Ryan Kalish
10.3%
SP
Felix Doubront
9.8%
1B
Lars Anderson
9%
OF
Josh Reddick
7.7%
RP
Scott Atchison
6.9%
RP
Michael Bowden
6.3%
3B
Felipe Lopez
6.1%
RP
Rich Hill
5.6%
2B
Yamaico Navarro
5.3%
RP
Dustin Richardson
4.2%
OF
Eric Patterson
3.2%
RP
Matt Fox
2.9%
RP
Robert Manuel
2.4%
RP
Robert Coello
2.1%
Quiz Playlist
Details
Report
Send in Message
Add To Playlist
Classic:
Type in answers that appear in a list
Last Updated: Feb 16, 2017
Quiz Scoreboard
CHALLENGE
Sign Up to Join the Scoreboard
Show All
Scores
Hide
Comments
May contain spoilers
Recently Published
Street Fighter Characters
by Artimus82
Gaming
60s
9x9 Crossword: Cartoon Network
by jackfrog10
Miscellaneous
3m
College Basketball Coaching Resumes
by pancakes188
Sports
9m
More to Explore
Quiz From the Vault
Featured Blog Post
Where Did the Easter Bunny Come From?
hide this ad
You Might Also Like...
Tags
Football Quiz
Boston
Boston Red Sox
Player
Roster
Today's Top Quizzes in Sports
Browse Sports
hide this ad
Today's Top Quizzes in Football
Browse Football
Top Contributed Quizzes in Sports
1
2022 World Cup Stars
2
Les meilleurs buteurs des matchs entre le PSG et l’OM
3
FIFA Club World Cup Champions
4
Les entraîneurs de l'OM et du PSG au 21e siècle
5
Criteria MLB: Left Handed Sluggers
6
2023 MLB Unique Player Accomplishments
7
AFC Teams Reveal (Wrong Answers Minefield)
8
5-to-1: FBS Animal Nicknames
9
Players with Multiple 50 Home Run Seasons
10
5-to-1: UK Sports Teams
Explore More
Trending Topics
Crossword
Harry Potter
Marvel
Anime
NBA
Kpop
Disney
The Office
NFL
Soccer
WWE
Puzzle
Song
Country
Pokémon
hide this ad
More By:
eloy69
Quiz
Plays
Rating
Category
Featured
Created
Boston Redsox roster
378
3.71
Sports
Oct 15, 2010
Typing in spanish
240
1.50
Language
Oct 19, 2010
chipotle choices
94
2.25
Miscellaneous
Oct 16, 2010
Top 10 pages on facebook
70
2.50
Just For Fun
Oct 18, 2010
MLB leaders for hit by pitches
49
4.00
Sports
Oct 16, 2010
Go to Creator's Profile
Score Distribution
Quiz Creator Spotlight
eloy69
Follow
Send a Message
Quizzes Created
-
Created Quiz Play Count
-
More By This Creator
Popular Quizzes Today
1
Find the US States - No Outlines Minefield
2
Find the Countries of Europe - No Outlines Minefield
3
The Countries of the World
4
Find the US States
5
Risky Map Clicking: Biggest States A-Z
6
US States
7
Popular People in 1961
8
Movies - When Are They Set?
More Sports Quizzes
Snooker Nicknames
Quiz Lab
Trending Quizzes
Risky Map Clicking: Least Populous States A-Z
Countries of the World: 200 Million BC
1-10 Letter G Words
Risky Map Clicking: Next State Alphabetically
Adjectives in 80s TV Shows
Recently Updated
Leaping Animals
pecheneg
Reality TV Shows (A-Z)
bhenderson79
Rickey Henderson's Hall of Fame Teammates
pecheneg
Champions League XIs: Arsenal
pecheneg
Quick Pick: Celebrities in WWE's Hall of Fame
aduchscher
A-Z Keypad Blitz II
pecheneg
Multiple Oscar Actors
pecheneg
Mystery Phrase Blitz: Oscar 'Best Actors'
pecheneg
F. Scott Fitzgerald Novels
LTH
Pick 3 Villains
ddd62291
Trending Topics
Crossword
Marvel
Anime
Disney
NBA
Harry Potter
Kpop
Country
Soccer
WWE
The Office
NFL
Song
Pokémon
Puzzle
Your Account Isn't Verified!
In order to create a playlist on Sporcle, you need to verify the email address you used during registration. Go to your
Sporcle Settings
to finish the process.
Report this User
Report this user for behavior that violates our
Community Guidelines
.
Details:
Send Report
Go to the Sporcle.com Mobile Site →
Comments